Statistics for Teams Who Have Won Champions League

Click here to take the quiz!

General Stats

  • This quiz has been taken 9 times
  • The average score is 11 of 22

Answer Stats

WinsTeam% Correct
1Chelsea
100%
6Liverpool
100%
3Manchester United
100%
5Bayern
88%
13Real Madrid
88%
5Barcelona
75%
4Ajax
63%
2Benfica
63%
3Inter
63%
1Celtic
50%
2Juventus
50%
7Milan
50%
2Porto
50%
1Dortmund
38%
1Aston Villa
25%
1Feyenoord
25%
2Nottingham Forest
25%
1Eindhoven
13%
1Hamburg
0%
1Marsielle
0%
1Star Belgrade
0%
1Steaua Bucuresti
0%

Score Distribution

Percentile by Number Answered

Percent of People with Each Score

Your Score History

You have not taken this quiz